Modern German music (vol.2)/ (Record no. 29145)

000 -LEADER
fixed length control field 00379nam a22001571a 4500
020 ## - INTERNATIONAL STANDARD BOOK NUMBER
ISBN 9781108001601
082 ## - DEWEY DECIMAL CLASSIFICATION NUMBER
Classification number 780.43
Item number HEN/M
100 ## - MAIN ENTRY--AUTHOR NAME
Personal name Henry F Chorley
245 ## - TITLE STATEMENT
Title Modern German music (vol.2)/
Statement of responsibility, etc by Henry F Chorley
260 ## - PUBLICATION, DISTRIBUTION, ETC. (IMPRINT)
Place of publication Bombay:
Name of publisher Smith, Elder and Co,
Year of publication 2009.
300 ## - PHYSICAL DESCRIPTION
Number of Pages 418p.
650 ## - SUBJECT ADDED ENTRY--TOPICAL TERM
Topical Term Music Germany
650 ## - SUBJECT ADDED ENTRY--TOPICAL TERM
Topical Term Music
650 ## - SUBJECT ADDED ENTRY--TOPICAL TERM
Topical Term Arts
942 ## - ADDED ENTRY ELEMENTS (KOHA)
Koha item type Book
Holdings
Withdrawn status Lost status Damaged status Not for loan Permanent Location Current Location Date acquired Cost, normal purchase price Full call number Accession Number Cost, replacement price Price effective from Koha item type
        Sree Sankaracharya University of Sanskrit Sree Sankaracharya University of Sanskrit 08.01.2015 2214.25 780.43 HEN/M 067093 0.00 08.01.2015 Book